000 00706nas a2200253 4500
001 BR9600337
003 BR-BrBNA
005 20231205095652.0
007 ta
008 230509b bl.|||p| |||| 00| 00por d
040 _aBR-BrBNA
_bpor
_cBiblioteca Nacional de Agricultura
041 _a(Pt)
072 _aQ02
100 1 _aVieira, J.A.G.
100 1 _aCal-Vidal, J.
245 1 _aSecagem a frio de creme de abacate
650 _aAbacate
650 _aCreme
650 _aSecagem
650 _aRefrigeracao
773 0 _tPesquisa Agropecuaria Brasileira (Brazil)
_xISSN 0100-204X
_g(Apr 1995), v. 30(4) p. 553-562
_wBR9600337
909 _a202311
_bLúcia
_c55
_dLúcia Elande
942 _2AGRIS
_n0
_cANA
999 _c152026
_d152026